000 00709cam a22002533a 4500
001 9152
003 PGUSA
005 20140828083208.0
008 051001s2005||||xxu|||||s|||||000 1 eng d
040 _aPGUSA
_beng
042 _adc
050 4 _aPR
100 1 _aGodwin, William,
_d1756-1836
245 1 0 _aImogen :
_bA Pastoral Romance
_h[electronic resource] /
_cWilliam Godwin
260 _bProject Gutenberg,
_c2005
506 _aPublic domain in the USA.
516 _aElectronic text
653 _aWales -- Fiction
653 _aPastoral fiction
653 _aDruids and druidism -- Fiction
830 0 _aProject Gutenberg
_v9152
856 4 0 _uhttp://www.gutenberg.org/ebooks/9152
942 _cEB
999 _c238408
_d238408